| 000 | 00971nam a2200265Ia 4500 | ||
|---|---|---|---|
| 001 | 21932 | ||
| 005 | 20260320113326.0 | ||
| 008 | 260320s9999||||xx |||||||||||||| ||und|| | ||
| 020 | _a9789972467554 | ||
| 041 | _aESP | ||
| 082 |
_a985.004 _bM36 |
||
| 100 |
_aMedina, José Carlos, _eEDT |
||
| 245 | 0 |
_aSociedad, política y cultura : _bensayos sobre el pensamiento social del siglo XX |
|
| 246 |
_a _5 _b |
||
| 250 | _aPrimera edición | ||
| 260 |
_aLima : _bUniversidad Nacional Mayor de San Marcos. Fondo Editorial, _c2024 |
||
| 300 |
_a133 páginas : _btablas ; _c21 cm. _e |
||
| 440 |
_a _n _v |
||
| 650 | _aHIS | ||
| 653 | _aAntropologos - Perú; Degregori, Carlos Iván, 1945-2011; Periodismo - Perú | ||
| 654 | _aCHU | ||
| 700 |
_aAbanto López, Erick; Álvarez, Raúl; Huayanay, Julissa [y uno más]; _cAUTS |
||
| 856 |
_uhttps://0u20jlupw-y-https-www-jstor-org.itmsp.museknowledge.com/ _zVéase además: Base de datos JSTOR |
||
| 942 |
_cLIB _dJUS _fMAT _2ddc _n |
||
| 999 |
_c21932 _d21932 |
||